| 000 | 00947nam a2200241 a 4500 | ||
|---|---|---|---|
| 001 | 000885413 | ||
| 003 | AM-YeHGA | ||
| 005 | 20250617145343.0 | ||
| 008 | 101112s1975 ru r 000 0 rus d | ||
| 040 | _aAM-YeHGA | ||
| 041 | 0 | _arus | |
| 100 | 1 | _aЛешкевич, Андрей Иванович | |
| 245 | 1 | 0 |
_aОборудование лесных складов : _bучебник для техникумов / _cА.И. Лешкевич, Д.К. Воевода, В.В. Назаров. |
| 250 | _aИзд. 3-е, перераб. | ||
| 260 |
_aМосква : _bЛесная промышленность, _c1975. |
||
| 300 | _a280 с. | ||
| 650 | 1 | 4 | _aЛесное хозяйство |
| 653 | 2 | _aлесные склады | |
| 653 | 2 | _aобработка лесоматериалов | |
| 700 | 1 | _aВоевода, Дмитрий Кондратьевич | |
| 700 | 1 | _aНазаров, Виктор Васильевич | |
| 090 | _c312174 | ||
| 999 |
_c310458 _d310458 |
||